000 00712nam a2200229 i 4500
003 DO-SdBNP
005 20230626091517.0
007 taDO-Sd
008 230626b1985 dr ab||| |||| 00| 0 spa d
040 _aDO-SdBNP
_bspa
_cBNPHU
_erda
082 4 _222
100 _969085
_aFranco, Luis
_d1898-1988
_eautor
245 1 3 _aEl respeto al derecho ajeno es la paz /
_cJosé Ulises Franco
264 _aSantiago, República Dominicana :
_bs.n.,
_c1985..
300 _a48 páginas :
_bilustraciones, retratos ;
_c21 cm.
336 _2rdacontent
_atexto
_btxt
337 _2rdamedia
_asin mediación
_bn
338 _0rdacarrier
_2volumen
_anc
590 _aInventariado, 2023/BT
910 _aBtavárez
942 _2ddc
_cLF2
999 _c53939
_d53939